| 000 | 00585nam a2200193Ia 4500 | ||
|---|---|---|---|
| 005 | 20250508160255.0 | ||
| 008 | 008 250505s9999 xx 000 0 hin d | ||
| 037 | _aTextual | ||
| 040 |
_aFEDL _beng _cFEDL |
||
| 041 |
_ahin _2eng |
||
| 084 |
_a371.4, DWA _qFEDL |
||
| 100 |
_aDwarika Singh _9758554 |
||
| 245 | 0 | _aBuniyadi shiksha ke bees saal : Besik - shiksha ka itihas | |
| 260 |
_aLucknow, India _bBuniyadi Sahitya Prakashan _c1961 |
||
| 300 | _a80p | ||
| 650 | _aEducational Guidance and Counseling | ||
| 942 |
_cTEXL _h371.4, DWA |
||
| 999 |
_c1363308 _d1363308 |
||